Подготовка попутного нефтяного газа для малой энергетики на основе адсорбционного устройства; Нефтепромысловое дело; № 6

Bibliografiske detaljer
Parent link:Нефтепромысловое дело/ Всероссийский научно-исследовательский институт организации, управления и экономики нефтегазовой промышленности (ОАО ВНИИОЭНГ).— , 1963-
№ 6.— 2015.— [С. 64-68]
Hovedforfatter: Ильина Г. Ф. Галина Фёдоровна
Institution som forfatter: Национальный исследовательский Томский политехнический университет (ТПУ) Институт природных ресурсов (ИПР) Кафедра геологии и разведки полезных ископаемых (ГРПИ)
Andre forfattere: Ильина М. Н., Ильин Н. Н. Николай Николаевич
Summary:Заглавие с экрана
В работе рассмотрена возможность использования попутного нефтяного газа непосредственно на месте добычи и условия, обеспечивающие соблюдение соответствующих требований по качеству топлива. Приведен сравнительный анализ состава попутного нефтяного газа до и после адсорбционного устройства. Для заданных условий проанализирован эксплуатационный запас адсорбирующего наполнителя-шабазита.
The paper considers the possibility of utilization of associated petroleum gas directly at the extraction site and conditions guaranteeing the compliance with the corresponding requirements on fuel quality. Comparative analysis of the composition of associated petroleum gas before and after the adsorption device is presented. For the conditions analyzed Operational reserve of adsorbing filler - chabasite - is analyzed for the given conditions.
Режим доступа: по договору с организацией-держателем ресурса
Sprog:russisk
Udgivet: 2015
Fag:
Online adgang:http://elibrary.ru/item.asp?id=23697331
Format: Electronisk Book Chapter
KOHA link:https://koha.lib.tpu.ru/cgi-bin/koha/opac-detail.pl?biblionumber=642914

MARC

LEADER 00000nla0a2200000 4500
001 642914
005 20250211163443.0
035 |a (RuTPU)RU\TPU\network\7902 
090 |a 642914 
100 |a 20150824d2015 k||y0rusy50 ca 
101 0 |a rus 
102 |a RU 
135 |a drcn ---uucaa 
181 0 |a i  
182 0 |a b 
200 1 |a Подготовка попутного нефтяного газа для малой энергетики на основе адсорбционного устройства  |d Preparation of associated petroleum gas for small energy on the basis of the adsorption device  |f Г. Ф. Ильина, М. Н. Ильина, Н. Н. Ильин 
203 |a Текст  |c электронный 
300 |a Заглавие с экрана 
320 |a [Библиогр.: с. 68 (8 назв.)] 
330 |a В работе рассмотрена возможность использования попутного нефтяного газа непосредственно на месте добычи и условия, обеспечивающие соблюдение соответствующих требований по качеству топлива. Приведен сравнительный анализ состава попутного нефтяного газа до и после адсорбционного устройства. Для заданных условий проанализирован эксплуатационный запас адсорбирующего наполнителя-шабазита. 
330 |a The paper considers the possibility of utilization of associated petroleum gas directly at the extraction site and conditions guaranteeing the compliance with the corresponding requirements on fuel quality. Comparative analysis of the composition of associated petroleum gas before and after the adsorption device is presented. For the conditions analyzed Operational reserve of adsorbing filler - chabasite - is analyzed for the given conditions. 
333 |a Режим доступа: по договору с организацией-держателем ресурса 
461 |t Нефтепромысловое дело  |f Всероссийский научно-исследовательский институт организации, управления и экономики нефтегазовой промышленности (ОАО ВНИИОЭНГ)  |d 1963- 
463 |t № 6  |v [С. 64-68]  |d 2015 
510 1 |a Preparation of associated petroleum gas for small energy on the basis of the adsorption device  |z eng 
610 1 |a труды учёных ТПУ 
610 1 |a электронный ресурс 
610 1 |a нефть 
610 1 |a попутный нефтяной газ 
610 1 |a адсорбция 
610 1 |a энергетические установки 
700 1 |a Ильина  |b Г. Ф.  |c российский геолог  |c доцент Томского политехнического университета, кандидат геолого-минералогических наук  |f 1958-  |g Галина Фёдоровна  |3 (RuTPU)RU\TPU\pers\26108 
701 1 |a Ильина  |b М. Н. 
701 1 |a Ильин  |b Н. Н.  |g Николай Николаевич 
712 0 2 |a Национальный исследовательский Томский политехнический университет (ТПУ)  |b Институт природных ресурсов (ИПР)  |b Кафедра геологии и разведки полезных ископаемых (ГРПИ)  |3 (RuTPU)RU\TPU\col\18660 
801 2 |a RU  |b 63413507  |c 20160229  |g RCR 
856 4 0 |u http://elibrary.ru/item.asp?id=23697331 
942 |c CF